000 00641nam a2200217 i 4500
001 9522
003 ES-MaACL
005 20230906145707.0
007 t|
008 931007s1987 xxk ||||1| eng d
020 _a0-582-89363-1
080 _a42.3
245 0 0 _aRoget's thesaurus of English words and phrases.
250 _aNew ed., repr.
_bprepared by Betty Kirkpatrick.
260 _aEssex :
_bLongman,
_c1987 (
_g1991 repr.)
300 _aXLIX, 1254 p. ;
_c22 cm.
650 1 4 _aLengua inglesa-
_vDiccionarios.
_914269
700 1 _aKirkpatrick, Betty,
_edir.
_9195938
852 _aES-MaACL
_jL-16842
_bR.121549
999 _c9522
_d9522